| 000 | 00447nam a2200181Ia 4500 | ||
|---|---|---|---|
| 001 | 51022 | ||
| 008 | 140502s9999 xx 000 0 und d | ||
| 020 | _a9789698917494 | ||
| 040 | _cPK-LaUMT | ||
| 082 |
_aRHC 891.4393 _bSHA-U |
||
| 100 | _aShafiq Anjum | ||
| 245 |
_aUrdu afsaanah (Urdu) _cShafiq Anjum |
||
| 260 |
_aIslamabad,Pakistan: _bPorab Academy, _c2007 |
||
| 300 | _a382 p | ||
| 546 | _aUR | ||
| 650 | _aUrdu literature | ||
| 942 | _cBK | ||
| 999 |
_c48529 _d48529 |
||